My Love Mine All Mine - Mitzki Lyrics - Statistics

General Stats
  • This quiz has been taken 8 times
  • The average score is 112 of 144
Answer Stats
Hint Answer % Correct
a
100%
all
100%
do
100%
I
100%
love
100%
love,
100%
me
100%
mine,
100%
mine
100%
my
100%
my,
100%
you?
100%
you
100%
could
86%
down
86%
is
86%
to
86%
up
86%
with
86%
be
71%
belongs
71%
chorus 'cause
71%
heart
71%
her?
71%
here
71%
in
71%
it
71%
verse 1 moon,
71%
nothing
71%
on
71%
shine
71%
tell
71%
the
71%
world
71%
baby
57%
but
57%
die,
57%
if
57%
shinin'
57%
so
57%
what
57%
worth
57%
big
43%
earth
43%
for
43%
high
43%
light
43%
must
43%
of
43%
send
43%
showed
43%
tent
43%
top
43%
was
43%
when
43%
which
43%
and
29%
comes
29%
free
29%
hole
29%
through
29%
turn
29%
after
14%
before
14%
No matching quizzes found
Score Distribution
Percent of People with Each Score
Percentile by Number Answered
Your Score History
You have not taken this quiz